MDQL
is popping MORE tags! Check the
thread
!
Quizzes
Events
Quiz Creation
Community
Videos
Private Events
Remove Ads
Sign In
Join for FREE
Feedback
Dark Mode
Quiz Categories
Sports
Geography
Music
Movies
Television
Just For Fun
Miscellaneous
History
Literature
Language
Science
Gaming
Entertainment
Religion
Holiday
For Kids
Quiz Lab
Recent
Popular Today
Quiz Kudos Today
Editor Picks
Curator Picks
Quizzes by...
Day
Popularity
Type
Ratings
Length
Year
Community
Subscriptions
Recent Discussions
Orange Saloon
Badges
Playlists
Quests
Create
Leaderboards
Showdown
Live 5
Trivia Bingo
Activity
Puzzle Library
Sporcle Events
Private Events
Virtual Trivia
Globe League
Become a Host
Pub Owners
SporcleCon
Opinionation
Our Games
Videos
Blog
Mobile Apps
Partnerships
Remove Ads and Go Orange
Feedback
Sports
Athletes
MLB
NBA
NHL
NFL
Soccer
Sports Teams
WWE
NCAA
Football
Premier League
Basketball
Baseball
Hockey
Golf
Tennis
Cricket
Rugby
Auto Racing
Olympics
World Cup
Sports
Athletes
MLB
NBA
NHL
NFL
Soccer
Sports Teams
WWE
NCAA
Football
Premier League
Basketball
Baseball
Hockey
Golf
Tennis
Cricket
Rugby
Auto Racing
Olympics
World Cup
Random Quiz
Search Sporcle
×
Quiz Lab
Quiz Lab
Sports
WWE
Type in answers that appear in a list
Type in answers that appear in a list
Classic
Best Score? Go Orange.
WWE stars who fought in Elimination Chamber match (1) Stats
WWE stars that fought in a Elimination Chamber match?
By
oriole78
6m
66 Questions
184 Plays
184 Plays
184 Plays
Comments
Comments
Give Quiz Kudos
Give Quiz Kudos
-
- Ratings
hide this ad
Replay
Link that replays current quiz
Next Quiz
Link to next quiz in quiz playlist
You Got
0%
They Got
Avg Score
81%
Avg Friend Score
Upgrade to see
Score Distribution
Jump to the score distribution portion of the page
Score
0/66
Timer
06:00
0
Plays Today
Hint
Answer
% Correct
Survivor Series (2002)
Triple H
96.7%
SummerSlam (2003)
Triple H
96.7%
New Year's Revolution (2005)
Triple H
96.7%
No Way Out (2008)
Triple H
96.7%
No Way Out (2009)
Triple H
96.7%
Elimination Chamber (2010)
Triple H
96.7%
Survivor Series (2002)
Kane
95.6%
New Year's Revolution (2006)
Kane
95.6%
No Way Out (2009)
Kane
95.6%
Survivor Series (2002)
Shawn Michaels
92.9%
SummerSlam (2003)
Shawn Michaels
92.9%
New Year's Revolution (2006)
Shawn Michaels
92.9%
No Way Out (2008)
Shawn Michaels
92.9%
New Year's Revolution (2006)
John Cena
92.3%
No Way Out (2009)
John Cena
92.3%
Elimination Chamber (2010)
John Cena
92.3%
Survivor Series (2002)
Chris Jericho
91.3%
SummerSlam (2003)
Chris Jericho
91.3%
SummerSlam (2003)
Randy Orton
91.3%
New Year's Revolution (2005)
Chris Jericho
91.3%
New Year's Revolution (2005)
Randy Orton
91.3%
No Way Out (2008)
Chris Jericho
91.3%
No Way Out (2009)
Chris Jericho
91.3%
Elimination Chamber (2010)
Randy Orton
91.3%
Elimination Chamber (2010)
Chris Jericho
91.3%
New Year's Revolution (2005)
Edge
90.7%
No Way Out (2009)
Edge
90.7%
No Way Out (2009)
Edge
90.7%
No Way Out (2008)
Undertaker
89.1%
No Way Out (2009)
Undertaker
89.1%
Elimination Chamber (2010)
Undertaker
89.1%
December to Dismember (2006)
Big Show
88.5%
No Way Out (2009)
Big Show
88.5%
Hint
Answer
% Correct
SummerSlam (2003)
Goldberg
87.4%
New Year's Revolution (2005)
Batista
86.3%
No Way Out (2008)
Batista
86.3%
Survivor Series (2002)
Rob Van Dam
85.8%
December to Dismember (2006)
Rob Van Dam
85.8%
December to Dismember (2006)
CM Punk
85.2%
Elimination Chamber (2010)
CM Punk
85.2%
Survivor Series (2002)
Booker T
80.9%
No Way Out (2008)
Jeff Hardy
79.8%
No Way Out (2009)
Jeff Hardy
79.8%
No Way Out (2009)
Rey Mysterio
78.1%
Elimination Chamber (2010)
Rey Mysterio
78.1%
New Year's Revolution (2005)
Chris Benoit
77.6%
New Year's Revolution (2006)
Kurt Angle
77%
SummerSlam (2003)
Kevin Nash
71.6%
December to Dismember (2006)
Bob Lashley
71.6%
No Way Out (2008)
John Bradshaw Layfield
69.4%
New Year's Revolution (2006)
Carlito
68.9%
New Year's Revolution (2006)
Chris Masters
67.2%
December to Dismember (2006)
Test
66.7%
Elimination Chamber (2010)
John Morrison
66.7%
No Way Out (2008)
Montel Vontavious Porter
65.6%
Elimination Chamber (2010)
Sheamus
65%
No Way Out (2008)
The Great Khali
62.8%
No Way Out (2008)
Umaga
62.3%
December to Dismember (2006)
Hardcore Holly
61.2%
No Way Out (2008)
Finlay
60.7%
Elimination Chamber (2010)
Kofi Kingston
60.7%
No Way Out (2009)
Mike Knox
52.5%
No Way Out (2009)
Vladimir Kozlov
51.9%
Elimination Chamber (2010)
Ted Dibiase Jr.
51.4%
No Way Out (2008)
Viscera
49.2%
Elimination Chamber (2010)
R Truth
48.6%
Quiz Playlist
Details
Report
Send in Message
Add To Playlist
Classic:
Type in answers that appear in a list
Last Updated: Feb 16, 2017
Quiz Scoreboard
CHALLENGE
Sign Up to Join the Scoreboard
Show All
Scores
Hide
Comments
May contain spoilers
Recently Published
1-10 Letter E Words III
by El_Dandy
Language
2m
Street Fighter Characters
by Artimus82
Gaming
60s
College Basketball Coaching Resumes
by pancakes188
Sports
9m
More to Explore
Quiz From the Vault
Featured Blog Post
Where Did the Easter Bunny Come From?
hide this ad
You Might Also Like...
Tags
WWE Quiz
hhh
John Cena
Pro Wrestling
Undertaker
Wrestling
Wrestling Stars
Today's Top Quizzes in Sports
Browse Sports
hide this ad
Today's Top Quizzes in WWE
Browse WWE
Top Contributed Quizzes in Sports
1
2022 World Cup Stars
2
Les meilleurs buteurs des matchs entre le PSG et l’OM
3
FIFA Club World Cup Champions
4
Les entraîneurs de l'OM et du PSG au 21e siècle
5
Criteria MLB: Left Handed Sluggers
6
2023 MLB Unique Player Accomplishments
7
AFC Teams Reveal (Wrong Answers Minefield)
8
Players with Multiple 50 Home Run Seasons
9
5-to-1: FBS Animal Nicknames
10
5-to-1: UK Sports Teams
Explore More
Trending Topics
Crossword
Kpop
Disney
Marvel
NBA
Anime
Harry Potter
Country
The Office
Pokémon
NFL
WWE
Song
Soccer
Puzzle
hide this ad
More By:
oriole78
Quiz
Plays
Rating
Category
Featured
Created
Batman Villains by Movie
30,768
4.49
Movies
Aug 28, 2018
Detroit Lions Thanksgiving Opponents
26,732
4.68
Sports
Nov 12, 2015
NBA teams I won the Finals with(as A player only)
17,300
3.61
Sports
Apr 23, 2018
Did I win an NFL Superbowl?
15,788
2.45
Sports
Nov 9, 2015
Did I start my NBA career with the New York Knicks
12,206
4.31
Sports
Sep 26, 2016
Go to Creator's Profile
Score Distribution
Quiz Creator Spotlight
oriole78
Follow
Send a Message
Quizzes Created
-
Created Quiz Play Count
-
More By This Creator
Popular Quizzes Today
1
Find the US States - No Outlines Minefield
2
Find the Countries of Europe - No Outlines Minefield
3
The Countries of the World
4
Find the US States
5
Risky Map Clicking: Biggest States A-Z
6
US States
7
Popular People in 1961
8
Movies - When Are They Set?
More Sports Quizzes
Quick Pick: 1 to 11 Soccer Shirt Numbers II
Quiz Lab
Trending Quizzes
Risky Map Clicking: Least Populous States A-Z
1-10 Letter G Words
1-10 Letter F Words
Countries of the World: 200 Million BC
Risky Map Clicking: Next State Alphabetically
Recently Updated
Beyoncé Albums
pecheneg
Leaping Animals
pecheneg
Reality TV Shows (A-Z)
bhenderson79
Rickey Henderson's Hall of Fame Teammates
pecheneg
Champions League XIs: Arsenal
pecheneg
Quick Pick: Celebrities in WWE's Hall of Fame
aduchscher
A-Z Keypad Blitz II
pecheneg
Multiple Oscar Actors
pecheneg
Mystery Phrase Blitz: Oscar 'Best Actors'
pecheneg
F. Scott Fitzgerald Novels
LTH
Trending Topics
Crossword
NBA
Kpop
Marvel
Harry Potter
Anime
Disney
The Office
Pokémon
Song
WWE
Country
NFL
Puzzle
Soccer
Your Account Isn't Verified!
In order to create a playlist on Sporcle, you need to verify the email address you used during registration. Go to your
Sporcle Settings
to finish the process.
Report this User
Report this user for behavior that violates our
Community Guidelines
.
Details:
Send Report
Go to the Sporcle.com Mobile Site →
Comments